00989nam a22002532 450000100060000000300080000600500170001400800410003103500190007204000530009104100080014408200250015210000380017724501040021525000120031926000540033130000340038550400510041965000340047065000310050494200120053599900170054795201710056413090BD-RjUL20211208235414.0140130r19611941enka b 001 0 eng  a(BD-RjUL)13140 aNew York. Public LibrarycHDCdEQOdBD-RjULbeng aeng a621.312132bCAE 19611 aCarr, T. H.qThomas Henry.94077900aElectric power stations /cby T. H. Carr; with a foreword by the late Sir Leonard Pearce.nVolume 2 a4th ed. aLondon :bChapman & Hall,c1941 [reprinted 1961]. axvi, 832 p. :bill. ;c22 cm. aIncludes bibliographical references and index. 0aElectric power-plants.940780 0aSteam power plants.940781 2ddccBK c13090d13090 00102ddc3V-240718NFICaRUCLbRUCLcReadingd1995-05-21eBritish Council Library, Rajshahig0.00l0o621.312132 CAE 1961r2014-01-30 00:00:00tC-1w2014-01-30yBK